000 00319nam a2200133Ia 4500
008 190723s9999 xx 000 0 und d
020 _a978-0-07-162717-7
100 _aSaad M. Manzoul
245 0 _aDeja Review Biochemistry
250 _a2nd
260 _aNew york
_bMcGraw Hill
_c2010
300 _a206.:p
942 _cBK
999 _c1643
_d1643